Tapez les consonnes dans l'ordre - Erreur éliminatoire - Statistiques

Statistiques générales
  • Ce quiz a été pris 306 fois
  • Le résultat moyen est 17 sur 20
Statistiques - réponses
Numéro Consonne % Correct
1 B
100%
2 C
100%
3 D
100%
4 F
96%
5 G
96%
6 H
96%
7 J
93%
8 K
93%
9 L
92%
10 M
92%
11 N
91%
12 P
87%
13 Q
85%
14 R
84%
15 S
82%
16 T
78%
17 V
75%
18 W
72%
19 X
67%
20 Z
46%
Aucun quiz correspondant
Distribution des résultats
% des personnes avec chaque résultat
Percentile par nombre de réponses
Votre historique - résultats
Vous n’avez pas pris ce quiz